Loading...
| Literature - World | 0 | 3 | 0 | 0 | 30 | 16 | 50.00 | 2 | 2 | 15.14 | 21.21 |
| Science - Other | 0 | 3 | 1 | 1 | 25 | 92 | 100.33 | 0 | 0 | 1.95 | 8.08 |
| Science - Biology | 0 | 2 | 0 | 0 | 20 | 44 | 46.50 | 0 | 1 | 9.36 | 14.14 |
| Social Science | 0 | 1 | 0 | 0 | 10 | 38 | 38.00 | 0 | 1 | 9.07 | 12.70 |
| Literature - American | 0 | 1 | 0 | 0 | 10 | 63 | 63.00 | 0 | 1 | 3.98 | 6.06 |
| Mythology | 0 | 1 | 0 | 0 | 10 | 36 | 36.00 | 1 | 1 | 6.12 | 9.09 |
| History - American | 0 | 1 | 0 | 0 | 10 | 52 | 52.00 | 0 | 1 | 4.55 | 7.07 |
| Popular Culture | 0 | 1 | 0 | 0 | 10 | 17 | 17.00 | 1 | 1 | 14.09 | 16.67 |
| Religion | 0 | 1 | 0 | 0 | 10 | 78 | 78.00 | 0 | 0 | 3.92 | 4.04 |
| Science - Chemistry | 0 | 1 | 0 | 1 | 10 | 98 | 98.00 | 0 | 1 | 0.09 | 8.08 |
| History - European | 0 | 1 | 0 | 0 | 10 | 24 | 24.00 | 1 | 1 | 6.97 | 9.09 |
| Philosophy | 0 | 1 | 1 | 0 | 5 | 73 | 73.00 | 0 | 0 | 3.24 | 3.70 |
| History - World | 0 | 1 | 1 | 0 | 5 | 28 | 28.00 | 0 | 1 | 6.71 | 7.07 |
| Current Events | 0 | 1 | 1 | 0 | 5 | 29 | 29.00 | 0 | 1 | 14.26 | 17.78 |
| Science - Physics | 0 | 1 | 1 | 1 | 5 | 100 | 100.00 | 1 | 1 | 0.00 | 9.09 |
| Fine Arts - Other | 0 | 0 | 1 | 0 | -5 | 0.00 | 0 | 0 | 0.00 | 0.00 |